Fifteen Shades of Blue - Statistics

General Stats
  • This quiz has been taken 1,072 times
    343 since last reset
  • The average score is 11 of 15
Answer Stats
Colour Hint Shade % Correct
0000FF The B in RGB Blue
95%
000080 Armed forces specializing in sea combat Navy
95%
4169E1 King, queen, prince, etc. Royal
94%
87CEEB Where the sun and the clouds live Sky
94%
191970 12:00am Midnight
92%
89CFF0 Colour often worn by newborn boys {Baby} Blue
91%
2000FF A flower, or the coloured part of the eye Iris
88%
1560BD Jeans material Denim
87%
082567 Pokémon Ruby and ________ Sapphire
62%
1034A6 From the northeastern-most African country {Egyptian} Blue
59%
BEDBED Also known as a single, it is the smallest bed size Twin Bed
52%
26619C Stone ground up to make dye (in real life & Minecraft) Lapis Lazuli
47%
1E90FF Los Angeles baseball team Dodger
41%
AFDBF5 Demonym of the planet Uranus Uranian
35%
009EDB The UN United Nations
25%
No matching quizzes found
Score Distribution
Percent of People with Each Score
Percentile by Number Answered
Your Score History
You have not taken this quiz since the last reset